000 00262nam a2200097Ia 4500
005 20251222154405.0
008 251222s9999||||xx |||||||||||||| ||spa||
082 _a333.910.85/U61
245 0 _aLa vida y el recurso hídrico en la Cuenca del Río Chili
942 _cLIB
999 _c35454
_d35454